Music Quiz

Random Music or Song Quiz

Sgt. Pepper's Lonely Hearts Club Band Lyrics Quiz Stats

 Plays Quiz not verified by Sporcle

Score 0/166 Timer 08:00
0 Plays Today
Lyric % Correct
a
99.2%
a
99.2%
a
99.2%
a
99.2%
Pepper
98.2%
band
98.2%
Band!
98.2%
Band
98.2%
Band
98.2%
Band
98.2%
Band!
98.2%
Sgt.
98%
Sgt.
98%
Sgt.
98%
Sgt.
98%
Sgt.
98%
Sgt.
98%
Sgt.
98%
Sgt.
98%
the
97.7%
I
97.7%
The
97.7%
the
97.7%
the
97.7%
I
97.7%
the
97.7%
I
97.7%
the
97.7%
he
97.7%
The
97.7%
Hearts
97.6%
Hearts
97.6%
Hearts
97.6%
Hearts
97.6%
Hearts
97.6%
Lonely
97.5%
Club
97.5%
Lonely
97.5%
Club
97.5%
Lonely
97.5%
Club
97.5%
Lonely,
97.5%
Lonely
97.5%
Lonely
97.5%
Club
97.5%
Lonely
97.5%
Club
97.5%
you
96.3%
you
96.3%
you
96.3%
you
96.3%
you
96.3%
you
96.3%
you
96.3%
to
96.2%
to
96.2%
Lyric % Correct
to
96.2%
to
96.2%
to
96.2%
to
96.2%
to
96.2%
to
96.2%
to
96.2%
to
96.2%
Pepper's
95.9%
Pepper's
95.9%
Pepper's
95.9%
Pepper's
95.9%
Pepper's
95.9%
Pepper's
95.9%
Pepper's
95.9%
We
95.5%
and
94.1%
and
94.1%
And
94.1%
and
94.1%
And
94.1%
It
92.7%
show
92.1%
show
92.1%
go
90.7%
in
90.4%
enjoy
87.5%
hope
87%
play
86.8%
was
84.9%
So
84.6%
So
84.6%
years
84.4%
years
84.4%
be
83.9%
like
83.1%
like
83.1%
one
83.1%
We're
83%
We're
83%
will
82.8%
only
82.8%
introduce
82.7%
introduce
82.7%
ago
82.4%
let
82.4%
let
82.4%
today
81.7%
me
81.7%
twenty
80.7%
love
79.9%
all
79.6%
all
79.6%
It's
79%
It's
79%
want
78.6%
Lyric % Correct
us
77.7%
with
77.6%
take
77.2%
take
77.2%
of
76.8%
know
76.8%
We'd
76.5%
We'd
76.5%
Billy
75.5%
home
74.9%
home
74.9%
But
74.2%
But
74.2%
gonna
73.5%
here
73.2%
out
72.5%
really
72.3%
You're
72.1%
That
71.3%
Shears
71.3%
such
70.6%
don't
70.6%
sing
69.4%
sing
69.4%
style
69.3%
taught
69%
these
69%
lovely
68.7%
going
68.6%
audience
68.5%
evening
67.7%
song
67.2%
along
67%
thrill
66.9%
wonderful
66.1%
been
65.9%
back
65.9%
Sit
64.6%
smile
63.4%
may
63%
for
62.8%
wants
62.7%
certainly
62.1%
thought
62%
stop
60.1%
might
59.7%
They've
59%
they're
58.7%
guaranteed
55.6%
raise
55.4%
singer's
54.9%
you've
46.2%
known
40.8%
act
37.6%

You're not logged in!

Compare scores with friends on all Sporcle quizzes.
OR
Log In

Sporcle TV

Today on Sporcle TV


Watch our educational content, quiz creation guides, and fun videos on Sporcle TV.

Show Comments

Extras

Top Quizzes Today


Score Distribution

Your Account Isn't Verified!

In order to create a playlist on Sporcle, you need to verify the email address you used during registration. Go to your Sporcle Settings to finish the process.

Report this User

Report this user for behavior that violates our Community Guidelines.

Details: